Fr. Conceicao Rodrigues College of Engineering

Peer to peer computing:Evolution of a Disruptive technology (Record no. 24185)

MARC details
000 -LEADER
fixed length control field 00359nam a2200157Ia 4500
082 ## - DEWEY DECIMAL CLASSIFICATION NUMBER
Classification number 5.758
Item number SUB
100 ## - MAIN ENTRY--PERSONAL NAME
Personal name Subramanian/Ramesh
245 ## - TITLE STATEMENT
Title Peer to peer computing:Evolution of a Disruptive technology
260 ## - PUBLICATION, DISTRIBUTION, ETC.
Name of publisher, distributor, etc. IGP
Date of publication, distribution, etc. 2004
366 ## - TRADE AVAILABILITY INFORMATION
Publishers's discount category 20
300 ## - PHYSICAL DESCRIPTION
Extent 308
546 ## - LANGUAGE NOTE
Language note ENGLISH
-- electronics
650 ## - SUBJECT ADDED ENTRY--TOPICAL TERM
Topical term or geographic name entry element Computers
942 ## - ADDED ENTRY ELEMENTS (KOHA)
Koha item type BOOK
Holdings
Withdrawn status Lost status Damaged status Not for loan Collection Home library Current library Date acquired Source of acquisition Cost, normal purchase price Inventory number Total Checkouts Full call number Barcode Date last seen Cost, replacement price Price effective from Koha item type
        CRC Fr. Agnel's C.Rodrigues College of Engineering Fr. Agnel's C.Rodrigues College of Engineering 17/03/2023 Bombay Books 1356.00 63 dt 09.06.2014   5.758 SUB 23276 17/03/2023 1695.00   BOOK